ბათუმის შოთა რუსთაველის სახელმწიფო უნივერსიტეტის ბიბლიოთეკა

ინტერნეტის სახელმძღვანელო / (ბიბ.ჩანაწერი № 38437)

000 -ლიდერი
ფიქსირებული სიგრძის საკონტროლო ველი 00964nam a2200229Ia 4500
001 - საკონტროლო ნომერი
საკონტროლო ველი 4448
003 - საკონტროლო ნომრის იდენტიფიკატორი
საკონტროლო ველი GE_BSU
005 - ბოლო ოპერაციის თარიღი და დრო
საკონტროლო ველი 20190514202823.0
008 - ფიქსირებული სიგრძის მონაცემთა ელემენტები - ზოგადი ინფორმაცია
ფიქსირებული სიგრძის საკონტროლო ველი 181216s2002||||ge |||||||||||||| ||geo||
020 ## - წიგნის საერთაშორისო სტანდარტული ნომერი
International Standard Book Number 992861495
040 ## - კატალოგიზაციის წყარო
Transcribing agency GE_BSU
041 ## - ენის კოდი
Language code of text/sound track or separate title geo
080 ## - უნივერსალური ათობითი კლასიფიკაციის ინდექსი
Universal Decimal Classification number 004.738.5 მ–52
100 ## - მთავარი ჩანაწერი - პიროვნების სახელი
Personal name მეკქინონი, მერი
9 (RLIN) 1160
245 ## - ცნობა სათაურის შესახებ
Title ინტერნეტის სახელმძღვანელო /
Statement of responsibility, etc მერი მეკქინონი; ბენ. დინი; ქართ. გამ–ის რედ : ვასილ ხაჩიძე ;
264 ## - წარმოების, გამოცემის, დისტრიბუციის და სხვა ცნობები
გამოცემის, წარმოების, დისტრიბუციის... ადგილი თბილისი,
გამოცემის, წარმოების, დისტრიბუციის... თარიღი 2002.
300 ## - ფიზიკური აღწერა
Extent 128 გვ.;
Other physical details ილ ;
Dimensions 25 სმ.
653 ## - INDEX TERM--UNCONTROLLED
Uncontrolled term ინტერნეტის სახელმძღვანელო
700 ## - ADDED ENTRY--PERSONAL NAME
Personal name დინი, ბენ
9 (RLIN) 1161
700 ## - ADDED ENTRY--PERSONAL NAME
Personal name ხაჩიძე, ვასილ
Relator term ქართ. გამ–ის რედაქტორი
9 (RLIN) 1162
942 ## - ADDED ENTRY ELEMENTS (KOHA)
Koha item type წიგნი
Source of classification or shelving scheme
ეგზემპლარები
ჩამოწერის სტატუსი დაკარგული ეგზემპლარის სტატუსი კლასიფიკაციის წყარო ან თაროზე გაწყობის სქემა დაზიანების სტატუსი არ გაიცემა მუდმივი მდებარეობა (დაცვის ადგილი) ამჟამინდელი ადგილსამყოფელი თაროზე განთავსების ადგილი შეძენის თარიღი ღირებულება, შესყიდვის ნორმალური ფასი სრული შენახვის შიფრი შტრიხკოდი ბოლო ოპერაციის თარიღი ეგზემპლარის მიმდევრობითი ნომერი (კეტერი?) ფასის ძალაში შესვლის თარიღი ეგზემპლარის სახეობა საჯარო შენიშვნა
          ტექნოლოგიური ფაკულტეტის ბიბლიოთეკა ტექნოლოგიური ფაკულტეტის ბიბლიოთეკა წიგნსაცავი 2018-12-17 13.00 004.738.5 მ–52 8461 2018-12-17 8461 2018-12-17 წიგნი 13 ლ.
          ტექნოლოგიური ფაკულტეტის ბიბლიოთეკა ტექნოლოგიური ფაკულტეტის ბიბლიოთეკა წიგნსაცავი 2018-12-17 13.00 004.738.5 მ–52 8462 2018-12-17 8462 2018-12-17 წიგნი 13 ლ.